A forest history of India / (Record no. 69696)

MARC details
000 -LEADER
fixed length control field 00812nam a22002297a 4500
005 - DATE AND TIME OF LATEST TRANSACTION
control field 20150730111823.0
010 ## - LCCN (DPL NO)
LC control number B-464454 ENG-113278
020 ## - INTERNATIONAL STANDARD BOOK NUMBER
International Standard Book Number 9788132106937
Terms of availability 750.00
035 ## - SYSTEM CONTROL NUMBER
System control number B-464454
035 ## - SYSTEM CONTROL NUMBER
System control number EN-96810
037 ## - SOURCE OF ACQUISITION
Stock number dpl
Source of stock number/acquisition K.K.Pub/Ven
037 ## - SOURCE OF ACQUISITION
Source of stock number/acquisition DBAD/PUB
082 ## - DEWEY DECIMAL CLASSIFICATION NUMBER
Classification number 333.750954
100 ## - MAIN ENTRY--PERSONAL NAME
Personal name Tucker, Richard P.
245 ## - TITLE STATEMENT
Title A forest history of India /
Statement of responsibility, etc by Richard P. Tucker
260 ## - PUBLICATION, DISTRIBUTION, ETC. (IMPRINT)
Place of publication, distribution, etc New Delhi
Name of publisher, distributor, etc Sage Publications
Date of publication, distribution, etc 2011
270 ## - ADDRESS
Address B1/1-1 Mohan Cooperative Industrial Area Mathura Road
City New Delhi
Postal code 110044
300 ## - PHYSICAL DESCRIPTION
Extent xviii,249p.
Dimensions 23cm(Hb)
500 ## - GENERAL NOTE
General note Includes bibliographical references and index
942 ## - ADDED ENTRY ELEMENTS (KOHA)
Source of classification or shelving scheme Dewey Decimal Classification
Item type English Books
Classification part 333.750954
Call number suffix TUC
Holdings
Withdrawn status Lost status Not for loan Collection code Home library Current library Date acquired Source of acquisition Cost, normal purchase price Full call number Barcode Copy number Cost, replacement price Koha item type
      Non-fiction Central Library Central Library 05/09/2012 K.K.Pub/BL1714/16.02.2012/29/24.01.2012/12.03.2012 750.00 333.750954 TUC B-464454 1 750.00 English Books
    Not For Loan Non-fiction D.B.Act.Division D.B.Act.Division 29/05/2015 DBAD/PUB 750.00 333.750954 TUC EN-96810 1 750.00 English Books

© Delhi Public Library
Hit Counter
free hit counter